000 00327nam a22001217a 4500
008 181126b xxu||||| |||| 00| 0 eng d
041 _aeng
080 _a043.3
100 _a0
101 _aBTH-MBE
245 _aTurizmi si burim potencial për zhvillim lokal Ekonomik në Komunën e Przrenit
_cKrabaxhaku,D
942 _2udc
_cBK
999 _c52503
_d52503